Countries that have never qualified for the World Cup - Statistics

General Stats
  • This quiz has been taken 38 times
  • The average score is 6 of 10
Answers on the Grid
Answers color-coded by a green-red scale on the quiz's grid according to % correct below.
India
Bolivia
Senegal
Venezuela
China
Gabon
Palestine
Finland
Ghana
Haiti
Georgia
Togo
Guatemala
Ukraine
Panama
Libya
Kuwait
Estonia
Lithuania
Angola
 
Answer Stats
Answer % Correct
India
96%
Palestine
78%
Finland
61%
Lithuania
57%
Venezuela
57%
Estonia
52%
Gabon
52%
Georgia
48%
Guatemala
43%
Libya
43%
No matching quizzes found
Score Distribution
Percent of People with Each Score
Percentile by Number Answered
Your Score History
You have not taken this quiz